000 00721cam a2200193 i 4500
001 330985
005 20250322154831.0
008 760609s1974 sa a b 001 0 eng
050 0 0 _aDT844
_b.B87
082 0 0 _a968/.7/04
100 1 _aButler, Guy,
_d1918-2001.
245 1 4 _aThe 1820 settlers :
_ban illustrated commentary /
_cedited by Guy Butler ; text, Guy Butler & John Benyon ; captions, Eily Gledhill ; pictures, Rex & Barbara Reynolds ; design, Ken Robinson.
260 _aCape Town :
_bHuman & Rousseau,
_c1974.
300 _a366 p. :
_bill. ;
_c31 cm.
500 _aIncludes index.
650 0 _aBritish settlers of 1820 (South Africa)
700 1 _aBenyon, J. A.
_q(John A.),
_ejoint author.
942 _2lcc
_cBK
_n0
999 _c5102
_d5102